Países transcontinentales (Incluyendo territorios de ultramar) - Estadísticas

Estadísticas generales
  • Esta prueba ha sido intentada 20 veces
  • La puntuación promedio es 20 de 25
Estadísticas de respuestas
Continentes Continente principal País % Correcto
América y Oceanía América Chile
100%
Europa y África Europa España
100%
Europa, África, América y Asia Europa Reino Unido
100%
Asia y Europa Europa y Asia Rusia
100%
Europa y América Europa Dinamarca
94%
África y Asia África Egipto
94%
América y Oceanía América Estados Unidos
94%
Asia y Oceanía Asia Indonesia
94%
Europa y América Europa Países Bajos
94%
Asia y Europa Asia Turquía
94%
Asia y Europa Asia Azerbaiyán
89%
Europa, Oceanía, América y África Europa Francia
89%
Europa y Àfrica Europa Portugal
89%
Asia y Europa Asia Chipre
83%
Asia y Europa Asia Georgia
83%
Asia y Europa Asia Kazajistán
83%
Oceanía y Asia Oceanía Papúa Nueva Guinea
78%
Europa y Asia Europa Grecia
72%
Asia y África Asia Yemen
67%
Asia y Oceanía Asia Timor Oriental
61%
Asia y Oceanía Asia Malasia
56%
Oceanía y Asia Oceanía Nueva Zelanda
56%
Oceanía y Asia Oceanía Fiyi
44%
Oceanía y Asia Oceanía Vanuatu
39%
Asia y Europa Asia Tayikistán
22%
No se encontraron pruebas coincidentes
Distribución de puntuación
Porcentaje de gente con cada puntuación
Porcentaje por número respondido
Historial de tus puntuaciones
No has intentado esta prueba.